Oracle9i developer: Phát triển ứng dụng Web với Forms Builder
Gespeichert in:
| 1. Verfasser: | |
|---|---|
| Format: | Buch |
| Sprache: | Undetermined |
| Veröffentlicht: |
Tp. HCM
Thống kê
2004
|
| Schlagworte: | |
| Tags: |
Tag hinzufügen
Keine Tags, Fügen Sie den ersten Tag hinzu!
|
| Thư viện lưu trữ: | Trung tâm Học liệu Trường Đại học Cần Thơ |
|---|
| LEADER | 00621nam a2200205Ia 4500 | ||
|---|---|---|---|
| 001 | CTU_59870 | ||
| 008 | 210402s9999 xx 000 0 und d | ||
| 020 | |b 159000 | ||
| 082 | |a 005.7585 | ||
| 082 | |b M312 | ||
| 100 | |a Nguyễn Ngọc Minh | ||
| 245 | 0 | |a Oracle9i developer: Phát triển ứng dụng Web với Forms Builder | |
| 245 | 0 | |c Nguyễn Ngọc Minh | |
| 260 | |a Tp. HCM | ||
| 260 | |b Thống kê | ||
| 260 | |c 2004 | ||
| 650 | |a database management,oracle ( computer programs ) | ||
| 650 | |x computer programs | ||
| 904 | |i Minh | ||
| 980 | |a Trung tâm Học liệu Trường Đại học Cần Thơ | ||